[Event "Bad Woerishofen Seniors op 36th"]
[Site "Bad Woerishofen"]
[Date "2020.03.11"]
[Round "6"]
[White "Zeleny, Luca"]
[Black "Renk, Cornelius"]
[Result "1-0"]
[WhiteElo "1639"]
[BlackElo "1758"]
[PlyCount "61"]
[EventDate "2020.03.05"]
[EventType "swiss"]
[EventRounds "9"]
[EventCountry "GER"]
[SourceTitle "CBM 195 Extra"]
[Source "ChessBase"]
[SourceDate "2020.05.31"]
[SourceVersion "1"]
[SourceVersionDate "2020.05.31"]
[SourceQuality "1"]

1. e4 c6 2. d4 d5 3. e5 Bf5 4. Nf3 e6 5. Be2 h6 6. 0-0 Qb6 7. a4 a5 8. Nbd2 Na6 9. Nb3 Nb4 10. Bd3 Bxd3 11. cxd3 Qa6 12. Ne1 b6 13. Bd2 Rc8 14. Bxb4 Bxb4 15. Rc1 Rc7 16. f4 Bxe1 17. Rxe1 Ne7 18. g4 g6 19. Rc2 h5 20. f5 hxg4 21. fxe6 fxe6 22. Rf1 Rh3 23. Qxg4 Qxd3 24. Rc3 Qxf1+ 25. Kxf1 Rxh2 26. Qxe6 Kd8 27. Kg1 Rxb2 28. Rh3 Rb1+ 29. Kf2 Rb2+ 30. Ke1 Rb1+ 31. Kd2 1-0